Ceylon in world trade. (Record no. 77379)

MARC details
000 -LEADER
fixed length control field 00612cam a22002171 4500
001 - CONTROL NUMBER
control field sa 68000672
003 - CONTROL NUMBER IDENTIFIER
control field DLC
005 - DATE AND TIME OF LATEST TRANSACTION
control field 20260227112426.0
008 - FIXED-LENGTH DATA ELEMENTS--GENERAL INFORMATION
fixed length control field 710901q19401949ce abc r 000 0 eng
010 ## - LIBRARY OF CONGRESS CONTROL NUMBER
LC control number sa 68000672
040 ## - CATALOGING SOURCE
Original cataloging agency DLC
Transcribing agency DLC
Modifying agency DLC
043 ## - GEOGRAPHIC AREA CODE
Geographic area code a-ce---
050 00 - LIBRARY OF CONGRESS CALL NUMBER
Classification number HF3770.8.Z5
Item number C49
245 00 - TITLE STATEMENT
Title Ceylon in world trade.
260 ## - PUBLICATION, DISTRIBUTION, ETC.
Place of publication, distribution, etc. [Colombo,
Name of publisher, distributor, etc. Dept. of Commerce,
Date of publication, distribution, etc. 194?]
300 ## - PHYSICAL DESCRIPTION
Extent 10, [12], 34 p.
Other physical details illus., map, ports.
Dimensions 25 cm.
500 ## - GENERAL NOTE
General note Cover title.
651 #0 - SUBJECT ADDED ENTRY--GEOGRAPHIC NAME
Geographic name Sri Lanka
General subdivision Commerce.
651 #0 - SUBJECT ADDED ENTRY--GEOGRAPHIC NAME
Geographic name Sri Lanka
General subdivision Commerce
-- Directories.
710 1# - ADDED ENTRY--CORPORATE NAME
Corporate name or jurisdiction name as entry element Ceylon.
Subordinate unit Department of Commerce.

No items available.

Powered by Koha